The SEO entrepreneur (Record no. 4988)

MARC details
000 -CABECERA
campo de control de longitud fija 01628nam a22002057a 4500
008 - DATOS DE LONGITUD FIJA--INFORMACIÓN GENERAL
campo de control de longitud fija 251002b |||||||| |||| 00| 0 eng d
020 ## - NÚMERO INTERNACIONAL ESTÁNDAR DEL LIBRO
Número Internacional Estándar del Libro 9798988913016
040 ## - FUENTE DE LA CATALOGACIÓN
Centro/agencia transcriptor tbs
041 ## - CÓDIGO DE LENGUA
Código de lengua del texto/banda sonora o título independiente eng
050 ## - SIGNATURA TOPOGRÁFICA DE LA BIBLIOTECA DEL CONGRESO
Número de clasificación HF5415.1265
100 ## - ENTRADA PRINCIPAL--NOMBRE DE PERSONA
Nombre de persona Gotch, Nathan
9 (RLIN) 25968
Término indicativo de función/relación author
245 ## - MENCIÓN DE TÍTULO
Título The SEO entrepreneur
Resto del título : start a successful SEO business and turn your entrepreneurial dreams to reality
Mención de responsabilidad, etc. / Nathan Gotch.
260 ## - PUBLICACIÓN, DISTRIBUCIÓN, ETC.
Lugar de publicación, distribución, etc. [Place of publication not identified] :
Nombre del editor, distribuidor, etc. [Publisher not identified],
Fecha de publicación, distribución, etc. 2023.
300 ## - DESCRIPCIÓN FÍSICA
Extensión 341 pages :
Otras características físicas illustrations ;
Dimensiones 22 cm.
520 ## - SUMARIO, ETC.
Sumario, etc. Are you ready to take the first step into Search Engine Optimization (SEO) and build a business that empowers brands to succeed online? The SEO Entrepreneur is the ultimate guide for launching a profitable SEO business. Packed with hands-on strategies and expert insights, this paperback offers a complete blueprint to become the SEO professional people trust—whether you aim to make a name locally, nationally, or beyond.<br/><br/>Why The SEO Entrepreneur Stands Out: <br/>While many books cover the basics of SEO, The SEO Entrepreneur goes beyond, offering a practical, real-world guide for entrepreneurs who want to build a successful business with SEO as the core. This isn’t just an “SEO for beginners” book—it’s a step-by-step guide designed to transform your SEO skills into a thriving agency that clients rely on. With this book, you’ll learn to grow a client base and revenue streams using proven organic SEO techniques.
650 #0 - PUNTO DE ACCESO ADICIONAL DE MATERIA--TÉRMINO DE MATERIA
Término de materia o nombre geográfico como elemento de entrada Web search engines
9 (RLIN) 7488
650 #0 - PUNTO DE ACCESO ADICIONAL DE MATERIA--TÉRMINO DE MATERIA
Término de materia o nombre geográfico como elemento de entrada Web site development
9 (RLIN) 7487
650 #0 - PUNTO DE ACCESO ADICIONAL DE MATERIA--TÉRMINO DE MATERIA
Término de materia o nombre geográfico como elemento de entrada Internet marketing
9 (RLIN) 1133
942 ## - ELEMENTOS DE ENTRADA AGREGADA (KOHA)
Fuente del sistema de clasificación o colocación Clasificación de Library of Congress
Holdings
Estado de retiro Estado de pérdida Fuente del sistema de clasificación o colocación Estado dañado No para préstamo Biblioteca de origen Biblioteca actual Fecha de adquisición Total de préstamos Signatura topográfica completa Código de barras Fecha visto por última vez Número de copia Precio válido a partir de Tipo de ítem Koha
    Clasificación de Library of Congress     TBS Barcelona TBS Barcelona 02/10/2025   HF5415.1265 GOT B07631 02/10/2025 1 02/10/2025 Book

Powered by Koha